|
|
|
|
| LEADER |
00000cam a2200000 a 4500 |
| 001 |
1/124458 |
| 008 |
220302t2001####gr | ||| |||| ||gre|| |
| 020 |
|
|
|a 9604317121
|q (χαρτόδετο)
|
| 040 |
|
|
|a GR-MyUa
|b gre
|c GR-MyUa
|e AACR2
|
| 041 |
0 |
|
|a gre
|
| 082 |
7 |
|
|a 620.3
|2 (23)
|
| 100 |
1 |
|
|a Νατσιάβας, Σωτήριος,
|e aut
|
| 245 |
1 |
2 |
|a Ταλαντώσεις μηχανικών συστημάτων/
|c Σωτήριος Νατσιάβας.
|
| 260 |
|
|
|a Θεσσαλονίκη:
|b Ζήτη,
|c c2001.
|
| 300 |
|
|
|a 600σ.:
|b διαγρ., σχέδια;
|c 24 εκ.
|
| 504 |
|
|
|a Περιλαμβάνει βιβλιογραφία.
|
| 650 |
|
0 |
|a Vibration.
|
| 650 |
|
0 |
|a Mechanics.
|
| 650 |
|
0 |
|a Physics.
|
| 852 |
|
|
|a INST
|b CHIOS
|e 20220302
|h 620.3 ΝΑΤ
|p 005200039504
|q 005200039504
|t BK
|y 0
|
| 970 |
|
|
|a Παροικάκη
|b Βασιλική
|z 02-03-2022
|